| 000 | 00546nam a2200169 4500 | ||
|---|---|---|---|
| 005 | 20260424211112.0 | ||
| 008 | - | ||
| 020 | _aISBN 978989821354 | ||
| 040 |
_aBiblioteca LadoV Teorética _cBiblioteca LadoV Teorética |
||
| 082 | 0 | 4 |
_a708.946.942 _bK96p |
| 100 | 1 | _aKunsthalle Lissabon | |
| 245 | 1 | 0 |
_aPerforming the instituon (al) : _bVolumes 4 & 5 / _cpor Kunsthalle Lissabon |
| 260 | 1 |
_aPortugal : _bCURA BOOKS, _c2016 |
|
| 300 |
_a119 páginas : _bfotografías a color ; _c23 x 17 cm. |
||
| 650 | 7 |
_2UNESCO _aMUSEO DE ARTE |
|
| 942 |
_2ddc _c1 _n0 |
||
| 999 |
_c4648 _d4648 |
||